000 00999nam a2200277Ia 4500
003 OSt
005 20250411105838.0
008 191128s2012 ck er 000 f spa d
020 _a9788498890693
040 _aCO-JMCR
_cCO-JMCR
041 _aspa
082 _aA-N
_bCLAf
100 1 _aClarke, Arthur C.
_eautor
_96580
245 1 3 _aEl fantasma del Titanic /
_cArthur C. Clarke ; traducción de Carlos Gardini
250 _aPrimera edición
260 _aMadrid :
_bAlamut
_c©2012
300 _a243 páginas ;
_c23 cm.
490 _aSerie fantástica
500 _aIncluye datos biográficos del autor en la solapa
520 _aAl acercarse el centenario del hundimiento del Titanic, varios planes se ponen en marcha para reflotar el pecio y obtener grandes beneficios del colosal espectáculo.
534 _pThe ghost from the grand banks
546 _aTraducido del inglés
650 1 4 _aNovela de ficción
_96581
700 _aGardini, Carlos,
_etraductor
_96582
942 _2ddc
_cBK
999 _c3787
_d3787